[Event "Kimry Summer op"]
[Site "Kimry"]
[Date "2016.08.30"]
[Round "5"]
[White "Akimov, Andrey"]
[Black "Zorina, Elizaveta"]
[Result "0-1"]
[WhiteElo "1504"]
[BlackElo "1829"]
[PlyCount "82"]
[EventDate "2016.08.28"]
[EventType "swiss"]
[EventRounds "7"]
[EventCountry "RUS"]
[SourceTitle "CBM 174 Extra"]
[Source "ChessBase"]
[SourceDate "2016.10.10"]
[SourceVersion "1"]
[SourceVersionDate "2016.10.10"]
[SourceQuality "1"]

1. e4 c5 2. Nf3 e6 3. d4 cxd4 4. Qxd4 Nc6 5. Qd1 d6 6. c4 Nf6 7. Nc3 a6 8. Be2 Be7 9. a3 0-0 10. b4 Qc7 11. Bb2 Ne5 12. Nxe5 dxe5 13. 0-0 Bd7 14. Qd2 Rfd8 15. Qe3 Rac8 16. Qg3 a5 17. b5 Bc5 18. Kh1 Bd4 19. Rac1 Nxe4 20. Nxe4 Bxb2 21. Rcd1 Bd4 22. Bd3 f5 23. Nf6+ Kh8 24. Nxd7 Rxd7 25. Be2 Qc5 26. f4 e4 27. Qb3 Rcd8 28. a4 b6 29. h3 h6 30. h4 Qe7 31. g3 Qc5 32. Kg2 Kh7 33. h5 Be3 34. Rxd7 Rxd7 35. Rd1 Bd2 36. Qc2 Qe3 37. Bf1 Qf3+ 38. Kh2 Qxh5+ 39. Kg1 Be3+ 40. Kg2 Qxd1 41. Qc3 Rd2+ 0-1

[Event "Kimry Summer op"]
[Site "Kimry"]
[Date "2016.08.29"]
[Round "3"]
[White "Volkov, Sergei"]
[Black "Zorina, Elizaveta"]
[Result "1-0"]
[WhiteElo "2319"]
[BlackElo "1829"]
[PlyCount "85"]
[EventDate "2016.08.28"]
[EventType "swiss"]
[EventRounds "7"]
[EventCountry "RUS"]
[SourceTitle "CBM 174 Extra"]
[Source "ChessBase"]
[SourceDate "2016.10.10"]
[SourceVersion "1"]
[SourceVersionDate "2016.10.10"]
[SourceQuality "1"]

1. d4 Nf6 2. Nf3 g6 3. Bf4 Bg7 4. e3 0-0 5. h3 d6 6. Be2 Nc6 7. 0-0 Nd7 8. Bh2 e5 9. c4 f5 10. Nc3 g5 11. dxe5 Ndxe5 12. Nxe5 dxe5 13. Qxd8 Rxd8 14. Nd5 Rd7 15. Rad1 Kf8 16. Bh5 b6 17. b3 Bb7 18. h4 gxh4 19. g4 hxg3 20. fxg3 Ne7 21. Nf4 Rd6 22. Rxd6 cxd6 23. Ne6+ Kg8 24. Rd1 d5 25. g4 Bf6 26. gxf5 d4 27. exd4 exd4 28. Nxd4 Rd8 29. Nb5 Rxd1+ 30. Bxd1 Nxf5 31. Nxa7 Ne3 32. Bh5 Bd4 33. Nb5 Bc5 34. Bd6 Bxd6 35. Nxd6 Bc6 36. Nc8 Be4 37. Nxb6 Bb1 38. a4 Ba2 39. a5 Bxb3 40. a6 Nxc4 41. Nxc4 Bxc4 42. a7 Bd5 43. Kf2 1-0

[Event "Kimry-ch"]
[Site "Kimry"]
[Date "2016.01.05"]
[Round "6"]
[White "Zorina, Elizaveta"]
[Black "Chernyaev, Vladimir"]
[Result "1/2-1/2"]
[WhiteElo "1978"]
[BlackElo "1585"]
[PlyCount "93"]
[EventDate "2016.01.02"]
[EventType "swiss"]
[EventRounds "9"]
[EventCountry "RUS"]
[SourceTitle "CBM 170 Extra"]
[Source "ChessBase"]
[SourceDate "2016.02.25"]
[SourceVersion "1"]
[SourceVersionDate "2016.02.25"]
[SourceQuality "1"]

1. e4 c5 2. Nf3 d6 3. d4 cxd4 4. Nxd4 Nf6 5. Nc3 Nc6 6. Be3 a6 7. f3 Qb6 8. Qd2 Qxb2 9. Rb1 Qa3 10. Bc4 Qa5 11. Nxc6 bxc6 12. Bb6 Qh5 13. 0-0 e6 14. Be2 Be7 15. f4 Qg6 16. Bd3 Qh6 17. h3 0-0 18. Be3 d5 19. e5 Nd7 20. f5 Bc5 21. Nd1 Nxe5 22. fxe6 Bxe3+ 23. Nxe3 d4 24. exf7+ Kh8 25. Nc4 Qxd2 26. Nxd2 Be6 27. a3 Bxf7 28. Be4 Rac8 29. Rb6 g6 30. Rxa6 Ra8 31. Rxa8 Rxa8 32. Bxc6 Rxa3 33. Be4 Rc3 34. Nf3 Nxf3+ 35. Rxf3 Rxf3 36. gxf3 Kg7 37. f4 Kf6 38. Kg2 h6 39. Kg3 g5 40. fxg5+ hxg5 41. h4 gxh4+ 42. Kxh4 Ke5 43. Bh7 Kf4 44. Kh3 Be6+ 45. Kg2 Ke3 46. Kf1 Bc4+ 47. Ke1 1/2-1/2

[Event "Kimry-ch"]
[Site "Kimry"]
[Date "2016.01.02"]
[Round "1"]
[White "Zorina, Elizaveta"]
[Black "Dementieva, Ksenia"]
[Result "1-0"]
[WhiteElo "1978"]
[BlackElo "1281"]
[PlyCount "21"]
[EventDate "2016.01.02"]
[EventType "swiss"]
[EventRounds "9"]
[EventCountry "RUS"]
[SourceTitle "CBM 170 Extra"]
[Source "ChessBase"]
[SourceDate "2016.02.25"]
[SourceVersion "1"]
[SourceVersionDate "2016.02.25"]
[SourceQuality "1"]

1. e4 e5 2. Nf3 Nc6 3. d4 d6 4. Bc4 Bg4 5. Bb5 Nge7 6. dxe5 Bxf3 7. Qxf3 dxe5 8. 0-0 Qd4 9. Rd1 Qc5 10. Qd3 a6 11. Qd7# 1-0